| 000 | 00404nam a22001577a 4500 | ||
|---|---|---|---|
| 003 | OSt | ||
| 008 | 241101b |||||||| |||| 00| 0 eng d | ||
| 020 | _a9780070142763 | ||
| 082 |
_a621.47 _bKHA/NO |
||
| 100 |
_aKhan, B. H _9396 |
||
| 245 | _aNon - conventional ENERGY resources / | ||
| 250 | _a2 | ||
| 260 |
_aNew Delhi _bTata McGraw hill Education Private Limited _c2012 |
||
| 300 | _a455 | ||
| 942 | _cBK | ||
| 999 |
_c14287 _d14287 |
||